Catálogo monumental de la provincia de Toledo / (Record no. 93595)
[ view plain ]
| 000 -LEADER | |
|---|---|
| campo de control de longitud fija | 00795nam a2200205 i 4500 |
| 001 - NÚMERO DE CONTROL | |
| campo de control | 93595 |
| 003 - IDENTIFICADOR DE NÚMERO DE CONTROL | |
| campo de control | ES-MaACL |
| 005 - FECHA Y HORA DE LA ÚLTIMA TRANSACCIÓN | |
| campo de control | 20240218063022.0 |
| 007 - CAMPO FIJO DE DESCRIPCIÓN FÍSICA--INFORMACIÓN GENERAL | |
| campo de control de longitud fija | t| |
| 008 - DATOS DE LONGITUD FIJA--INFORMACIÓN GENERAL | |
| campo de control de longitud fija | 050414s1959 sp f c |||| | spa d |
| 100 1# - ENTRADA PRINCIPAL--NOMBRE DE PERSONA | |
| Nombre de persona | Cedillo, Jerónimo López de Ayala y Álvarez de Toledo, |
| Títulos y otros términos asociados al nombre | Conde de, |
| Fechas asociadas al nombre | 1862-1934 |
| 9 (RLIN) | 37325 |
| 245 10 - MENCIÓN DEL TÍTULO | |
| Título | Catálogo monumental de la provincia de Toledo / |
| Mención de responsabilidad, etc. | por Jerónimo López de Ayala y Alvarez de Toledo, conde de Cedillo. |
| 260 ## - PUBLICACIÓN, DISTRIBUCIÓN, ETC. | |
| Lugar de publicación, distribución, etc. | Toledo : |
| Nombre del editor, distribuidor, etc. | Diputación Provincial, |
| Fecha de publicación, distribución, etc. | 1959. |
| 300 ## - DESCRIPCIÓN FÍSICA | |
| Extensión | VIII, 413 p. 205 lám. ; |
| Dimensiones | 24 cm. |
| 650 #4 - PUNTO DE ACCESO ADICIONAL DE MATERIA--TÉRMINO DE MATERIA | |
| Término de materia o nombre geográfico como elemento de entrada | Arquitectura- |
| Subdivisión geográfica | Toledo (Provincia) |
| 9 (RLIN) | 169670 |
| 650 #4 - PUNTO DE ACCESO ADICIONAL DE MATERIA--TÉRMINO DE MATERIA | |
| Término de materia o nombre geográfico como elemento de entrada | Monumentos- |
| Subdivisión geográfica | Toledo (Provincia) |
| 9 (RLIN) | 169671 |
| 710 1# - ENTRADA AGREGADA--NOMBRE DE ENTIDAD CORPORATIVA | |
| Nombre de entidad corporativa o nombre de jurisdicción como elemento de entrada | Toledo (Provincia). |
| Unidad subordinada | Diputación Provincial. |
| 9 (RLIN) | 6968 |
| 852 ## - LOCALIZACIÓN | |
| Ubicación | ES-MaACL |
| Número de control de estantería | C-16088 |
| Estatus retirado | Estado de pérdida | Estado de daño | No para préstamo | Biblioteca de origen | Biblioteca actual | Ubicación en estantería | Fecha de adquisición | Fuente de adquisición | Total de préstamos | Signatura topográfica completa | Código de barras | Visto por última vez | Precio de reemplazo | Tipo de ítem Koha |
|---|---|---|---|---|---|---|---|---|---|---|---|---|---|---|
| Biblioteca del Ateneo de Madrid | Biblioteca del Ateneo de Madrid | Ficheros | 17/01/2008 | C-16088 | 1097738 | 23/02/2023 | 23/02/2023 | Libro impreso |
